Políticas de educacao superior na América Latina no limiar do século XXI

Saved in:
Bibliographic Details
Main Author: Mendes Catani, Afranio (Author)
Format: Book
Language:Portuguese
Published: Recife YK Productora de Eventos 1997
Subjects:
Tags: Add Tag
No Tags, Be the first to tag this record!

MARC

LEADER 00000nam a2200000 a 4500
001 UCS7451
003 CL-VaPUC
005 20220315074414.0
008 971017e19970000bl 1 por d
082 0 4 |a 378.1  |b MEN  |2 21 
100 1 |a Mendes Catani, Afranio  |e author  |9 618538 
245 1 0 |a Políticas de educacao superior na América Latina no limiar do século XXI 
260 |a Recife  |b YK Productora de Eventos  |c 1997 
300 |a 288 p 
583 |a last modification  |c 20190821 10:51:43  |k Rodrigo Vera 
650 0 0 |a Educación superior   |9 223851 
650 0 0 |a Política educacional  |9 308011 
650 0 0 |a Universidades  |9 256317 
650 0 7 |a REFORMAS EDUCACIONALES  |2 CL-VaPUC  |9 379992 
650 0 0 |a Congresos  |9 257560 
651 0 |a América Latina   |9 255027 
942 |c BK 
945 |a rleighto  |d 19971017 00:00:00 
546 |a En Portugués 
536 |a YK 
518 |p Congreso internacional politicas de educacao superior na América Latina no limiar do século XXI, 1, Recife, 7-9 de mayo de 1997 
999 |c 383003  |d 383001 
952 |0 0  |1 0  |4 0  |6 378_100000000000000_MEN_1997  |7 0  |8 A  |9 504977  |a BIBEDU  |b BIBEDU  |d 2020-01-23  |i 3354245  |o 378.1 MEN 1997  |p 3354245  |r 2020-01-23  |w 2020-01-23  |y BK  |k EDU